| 000 | 00478nam a22001457a 4500 | ||
|---|---|---|---|
| 005 | 20240625095635.0 | ||
| 008 | 240625b |||||||| |||| 00| 0 eng d | ||
| 020 | _a9781587058820 | ||
| 245 |
_aImplementing cisco Ip routing route foundation learning guide : _bFoundation learning for the ROUTE 642-902 exam / _cTeare, Diane |
||
| 260 |
_aUSA: _bCisso Press; _c2014. |
||
| 300 |
_axxiv, 945 p. : _bill; _c24 cm. |
||
| 500 | _ainclude index. | ||
| 650 | _aNetworking | ||
| 999 |
_c35950 _d35950 |
||